000 00782nam a2200301Ia 4500
001 Z_33
003 CHAP
008 220113s1987 xx 000 0 und d
010 _a162999
040 _cCHAP
082 _a338.9 C37
100 _aCasley, Dennis J
_919844
245 _aProject monitoring and evaluation in agriculture /
_cby Dennis J. Casley and Krishna Kumar
260 _aBaltimore :
_bJohns Hopkins University,
_c1987
300 _a159 p.
440 _a
500 _a
503 _aC/E
650 _aAgricultura
_xPlaneación
_9137222
650 _aProyectos de desarrollo I. Kumar, Krishna
_9137223
650 _aProyectos
_xEvaluación
_992525
901 _a338.9 C37
902 _aA
910 _a1987
942 _c1
942 _cc1
999 _c162999
_d162999